Counting the unit cost (Record no. 75320)
[ view plain ]
| 000 -LEADER | |
|---|---|
| fixed length control field | 00885cab a2200181 4500 |
| 001 - CONTROL NUMBER | |
| control field | L129883 |
| 008 - FIXED-LENGTH DATA ELEMENTS--GENERAL INFORMATION | |
| fixed length control field | 050601n2005 000 0 eng u |
| 035 ## - SYSTEM CONTROL NUMBER | |
| System control number | (Sirsi) u129883 |
| 041 ## - LANGUAGE CODE | |
| Language code of text/sound track or separate title | eng |
| 100 ## - MAIN ENTRY--PERSONAL NAME | |
| Personal name | Burns, Joseph |
| 245 ## - TITLE STATEMENT | |
| Title | Counting the unit cost |
| 260 ## - PUBLICATION, DISTRIBUTION, ETC. | |
| Date of publication, distribution, etc. | 2005 |
| 490 ## - SERIES STATEMENT | |
| Series statement | QS Week |
| Volume/sequential designation | (4) 18 May 2005, 12-13(2) |
| 520 ## - SUMMARY, ETC. | |
| Summary, etc. | Outlines the basic factors affecting the costs of a typical industrial or distribution unit in southeast England. Points out that an industrial unit has the greatest variation in potential cost of any building type and the factors determining costs can be imposed by site conditions or the intended use of the building. Includes tables which contain a breakdown of the typical costs and the effect the configuration of the design and height has on costs. |
| 590 ## - LOCAL NOTE (RLIN) | |
| Local note | IKA070605 |
| 690 ## - LOCAL SUBJECT ADDED ENTRY--TOPICAL TERM (OCLC, RLIN) | |
| Topical term or geographic name as entry element | BUILT ENVIRONMENT-BUILDING COSTS |
| 942 ## - ADDED ENTRY ELEMENTS (KOHA) | |
| Suppress in OPAC | 0 |
| Withdrawn status | Lost status | Source of classification or shelving scheme | Damaged status | Not for loan | Home library | Current library | Shelving location | Date acquired | Total Checkouts | Full call number | Barcode | Date last seen | Copy number | Price effective from | Koha item type |
|---|---|---|---|---|---|---|---|---|---|---|---|---|---|---|---|
| Dewey Decimal Classification | London | London | Journal article | 01/06/2005 | L129883 | 129883-1001 | 06/08/2019 | 1 | 06/08/2019 | Journal article |